[Event "ZL-2014-0-01402"]
[Site "LSS email"]
[Date "2014.01.29"]
[Round "?"]
[White "Zabransky, Frantisek"]
[Black "Robertson, George"]
[Result "1-0"]
[WhiteElo "1769"]
[BlackElo "1082"]
[PlyCount "75"]
[EventDate "2014.01.14"]
[EventType "match (corr)"]
[EventRounds "2"]
[EventCountry "GER"]
[SourceTitle "Telechess CBM 167"]
[Source "ChessBase"]
[SourceDate "2015.07.13"]
[SourceVersion "1"]
[SourceVersionDate "2015.07.13"]
[SourceQuality "1"]

1. e4 e5 2. Nf3 Nc6 3. Bc4 Nf6 4. Ng5 d5 5. exd5 Nxd5 6. Nxf7 Kxf7 7. Qf3+ Ke6 8. Nc3 Nce7 9. d4 c6 10. Bg5 Kd7 11. dxe5 Kc7 12. Bxd5 cxd5 13. Nb5+ Kc6 14. c4 Qa5+ 15. Bd2 Qb6 16. cxd5+ Kd7 17. e6+ Kd8 18. a4 a6 19. Be3 Qa5+ 20. b4 Qxb4+ 21. Bd2 Qc5 22. Be3 Qb4+ 23. Kf1 Qa5 24. Qf7 axb5 25. Rd1 bxa4 26. d6 Qb5+ 27. Kg1 Bd7 28. exd7 Qxd7 29. dxe7+ Bxe7 30. Bb6+ Kc8 31. Rxd7 Kxd7 32. Qd5+ Bd6 33. Bc5 Rae8 34. g4 Re1+ 35. Kg2 Rxh1 36. Kxh1 Rd8 37. Qxd6+ Kc8 38. Qe6+ 1-0

[Event "ZL-2013-0-01318"]
[Site "LSS email"]
[Date "2013.07.06"]
[Round "?"]
[White "Robertson, George"]
[Black "Wang, Xiaomiao"]
[Result "1-0"]
[WhiteElo "1030"]
[BlackElo "1072"]
[PlyCount "49"]
[EventDate "2013.06.28"]
[EventType "match (corr)"]
[EventRounds "2"]
[EventCountry "GER"]
[SourceTitle "Telechess CBM 163"]
[Source "ChessBase"]
[SourceDate "2014.11.11"]
[SourceVersion "2"]
[SourceVersionDate "2014.11.11"]
[SourceQuality "1"]

1. e4 c5 2. c3 e6 3. d4 d5 4. dxc5 Bxc5 5. exd5 exd5 6. Bd3 Qb6 7. Qe2+ Be6 8. Nf3 h6 9. b4 Be7 10. Nd4 Bd7 11. 0-0 Nf6 12. Nf5 Bxf5 13. Bxf5 Nc6 14. Bf4 0-0 15. b5 Rfe8 16. bxc6 bxc6 17. Qf3 Ne4 18. Nd2 Nxd2 19. Bxd2 Bd6 20. Qg4 Kh8 21. Qh5 Qc7 22. Rae1 Rf8 23. Bxh6 g6 24. Qh4 Kg8 25. Qf6 1-0

[Event "IECG TG.2003.0.15029"]
[Site "IECG email"]
[Date "2003.11.02"]
[Round "1"]
[White "Robertson, George"]
[Black "Babcock, Chris"]
[Result "1/2-1/2"]
[WhiteElo "992"]
[BlackElo "883"]
[PlyCount "59"]
[EventDate "2003.11.02"]
[EventType "match (corr)"]
[EventRounds "2"]
[SourceTitle "Corr 2008"]
[Source "ChessBase"]
[SourceDate "2008.06.24"]
[SourceVersion "1"]
[SourceVersionDate "2008.06.24"]
[SourceQuality "1"]

1. e4 e5 2. Nf3 Nc6 3. Bb5 a6 4. Ba4 Nf6 5. 0-0 Bc5 6. c3 Nxe4 7. d4 exd4 8. Re1 d5 9. Bxc6+ bxc6 10. cxd4 Bb4 11. Re2 0-0 12. Ne5 Qd6 13. f3 Nf6 14. Qa4 a5 15. a3 Ba6 16. Rc2 Bb7 17. Qb3 c5 18. axb4 c4 19. Qe3 axb4 20. Rxa8 Rxa8 21. g3 Bc8 22. g4 Be6 23. Bd2 Ra1 24. Rc1 Ra2 25. b3 Rb2 26. bxc4 dxc4 27. g5 Nd7 28. Qe4 Nxe5 29. dxe5 Qd8 30. Bf4 1/2-1/2

[Event "IECG CP.2002.P.00006 email"]
[Site "IECG email"]
[Date "2002.10.01"]
[Round "?"]
[White "Robertson, George"]
[Black "Al Jabari, Omar"]
[Result "1/2-1/2"]
[WhiteElo "992"]
[BlackElo "1997"]
[PlyCount "48"]
[EventDate "2002.10.01"]
[EventType "tourn (corr)"]
[EventRounds "6"]
[EventCountry "CAN"]
[SourceTitle "Corr 2008"]
[Source "ChessBase"]
[SourceDate "2008.06.24"]
[SourceVersion "1"]
[SourceVersionDate "2008.06.24"]
[SourceQuality "1"]

1. e4 e5 2. d3 Nf6 3. f4 exf4 4. Bxf4 Qe7 5. Nc3 d5 6. Bg5 dxe4 7. Nxe4 Bf5 8. Bxf6 gxf6 9. Qe2 Nd7 10. Nd2 0-0-0 11. Qxe7 Bxe7 12. 0-0-0 Ne5 13. Ngf3 Bc5 14. g3 Nxf3 15. Nxf3 Be3+ 16. Kb1 Rhe8 17. Bg2 Bg4 18. Rdf1 Re6 19. Nh4 Bg5 20. Nf5 Re5 21. Be4 Bh3 22. Rf2 c5 23. Ng7 Rg8 24. Bf5+ Kb8 1/2-1/2

[Event "IECG CP.2002.P.00006 email"]
[Site "IECG email"]
[Date "2002.10.01"]
[Round "?"]
[White "Roman, Eduardo Luis"]
[Black "Robertson, George"]
[Result "1-0"]
[WhiteElo "2415"]
[BlackElo "992"]
[PlyCount "53"]
[EventDate "2002.10.01"]
[EventType "tourn (corr)"]
[EventRounds "6"]
[EventCountry "CAN"]
[SourceTitle "Corr 2008"]
[Source "ChessBase"]
[SourceDate "2008.06.24"]
[SourceVersion "1"]
[SourceVersionDate "2008.06.24"]
[SourceQuality "1"]

1. e4 e5 2. Nf3 Nf6 3. d4 Nxe4 4. dxe5 d5 5. Nbd2 Nxd2 6. Bxd2 Be7 7. Bf4 0-0 8. Qd2 Be6 9. Bd3 c5 10. c3 c4 11. Bc2 Nc6 12. Ng5 Bxg5 13. Bxg5 Qc7 14. f4 Qa5 15. 0-0 d4 16. Be4 dxc3 17. bxc3 Qc7 18. Qe1 Rfe8 19. Qh4 h6 20. Bxh6 gxh6 21. Qxh6 Qb6+ 22. Kh1 Nd8 23. Bh7+ Kh8 24. Bg6+ Kg8 25. f5 Bxf5 26. Qh7+ Kf8 27. Rxf5 1-0

[Event "IECG CP.2001.P.00090"]
[Site "IECG email"]
[Date "2001.10.01"]
[Round "?"]
[White "Robertson, George"]
[Black "Alberny, Maurice"]
[Result "0-1"]
[WhiteElo "984"]
[BlackElo "1983"]
[PlyCount "55"]
[EventDate "2001.10.01"]
[EventType "tourn (corr)"]
[EventRounds "6"]
[SourceTitle "Corr 2008"]
[Source "ChessBase"]
[SourceDate "2008.06.24"]
[SourceVersion "1"]
[SourceVersionDate "2008.06.24"]
[SourceQuality "1"]

1. e4 e5 2. Nf3 Nc6 3. Bc4 Nf6 4. d4 exd4 5. 0-0 Nxe4 6. Re1 d5 7. Nc3 dxc3 8. Bxd5 f5 9. Bxe4 fxe4 10. Rxe4+ Be7 11. Qxd8+ Kxd8 12. bxc3 Bf5 13. Re2 Bg4 14. Rd2+ Kc8 15. Nd4 Nxd4 16. cxd4 Re8 17. Rd3 Bf5 18. Re3 Kd7 19. c3 b5 20. a4 bxa4 21. Rxa4 a5 22. Re5 Bd6 23. Rxe8 Rxe8 24. Be3 Ra8 25. h4 Bd3 26. h5 Kc6 27. d5+ Kb5 28. Rg4 0-1

[Event "IECG CP.2001.P.00090"]
[Site "IECG email"]
[Date "2001.10.01"]
[Round "?"]
[White "Sherwood, Russell"]
[Black "Robertson, George"]
[Result "1-0"]
[WhiteElo "1823"]
[BlackElo "984"]
[PlyCount "99"]
[EventDate "2001.10.01"]
[EventType "tourn (corr)"]
[EventRounds "6"]
[SourceTitle "Corr 2008"]
[Source "ChessBase"]
[SourceDate "2008.06.24"]
[SourceVersion "1"]
[SourceVersionDate "2008.06.24"]
[SourceQuality "1"]

1. d4 d5 2. c4 c6 3. Nc3 e6 4. e3 Nf6 5. Nf3 Bb4 6. Bd3 Bxc3+ 7. bxc3 0-0 8. Ba3 Re8 9. Qc2 b6 10. 0-0 Ba6 11. Nd2 Nbd7 12. f3 e5 13. e4 Rc8 14. Rfd1 Qc7 15. Rac1 dxe4 16. Nxe4 Nxe4 17. fxe4 Nf6 18. Qa4 Bb7 19. d5 Red8 20. d6 Qb8 21. c5 bxc5 22. Bxc5 Nd7 23. Bb4 c5 24. Ba5 Nb6 25. Bxb6 axb6 26. d7 Rc7 27. Bb5 Qa8 28. Qxa8 Bxa8 29. Rd6 Rb7 30. Rf1 h6 31. a4 f6 32. Kf2 Kf8 33. Ke3 Kf7 34. Bc4+ Kg6 35. Be6 Rc7 36. Rxb6 Bc6 37. a5 Ba4 38. Ra1 Bxd7 39. Rd6 Ra7 40. a6 Bxe6 41. Rxd8 Bc4 42. Rd6 h5 43. Rb6 h4 44. Ra4 Bf1 45. g3 hxg3 46. hxg3 Kg5 47. c4 f5 48. Rb7 Ra8 49. a7 Bg2 50. Rxg7+ 1-0

[Event "IECG CP.2000.P.00083"]
[Site "IECG email"]
[Date "2000.10.01"]
[Round "?"]
[White "Delgado, Francisco Jr"]
[Black "Robertson, George"]
[Result "0-1"]
[WhiteElo "1477"]
[BlackElo "943"]
[PlyCount "57"]
[EventDate "2000.10.01"]
[EventType "tourn (corr)"]
[EventRounds "6"]
[EventCountry "NED"]
[SourceTitle "Corr 2008"]
[Source "ChessBase"]
[SourceDate "2008.06.24"]
[SourceVersion "1"]
[SourceVersionDate "2008.06.24"]
[SourceQuality "1"]

1. d4 d5 2. c4 dxc4 3. Nf3 Nf6 4. e3 e6 5. Bxc4 Nc6 6. 0-0 Bd6 7. Nc3 0-0 8. e4 e5 9. d5 Bb4 10. dxc6 Qxd1 11. Rxd1 Bxc3 12. bxc3 Nxe4 13. Ba3 Nd6 14. Bxd6 cxd6 15. Rxd6 b5 16. Bxb5 f6 17. c7 Bb7 18. Rad1 g5 19. Bc4+ Kg7 20. Rd8 Rc8 21. R1d7+ Kh6 22. Be6 Rxc7 23. Rxf8 Rxd7 24. Bxd7 Kg7 25. Rd8 Bxf3 26. gxf3 a5 27. c4 Kf7 28. Bf5 e4 29. c5 0-1

[Event "IECG CP.2000.P.00083"]
[Site "IECG email"]
[Date "2000.10.01"]
[Round "?"]
[White "Vorobyev, Albert A"]
[Black "Robertson, George"]
[Result "0-1"]
[WhiteElo "2050"]
[BlackElo "943"]
[PlyCount "100"]
[EventDate "2000.10.01"]
[EventType "tourn (corr)"]
[EventRounds "6"]
[EventCountry "NED"]
[SourceTitle "Corr 2008"]
[Source "ChessBase"]
[SourceDate "2008.06.24"]
[SourceVersion "1"]
[SourceVersionDate "2008.06.24"]
[SourceQuality "1"]

1. Nf3 d5 2. c4 dxc4 3. e3 Nc6 4. Bxc4 e5 5. Qb3 Qd7 6. Qc3 Bb4 7. Qc2 Nge7 8. a3 Bd6 9. h3 Qf5 10. Qxf5 Bxf5 11. Nc3 Na5 12. d3 Nxc4 13. dxc4 Nc6 14. b4 b6 15. Nd5 Be4 16. Ke2 0-0-0 17. Bb2 Rd7 18. Rhd1 f6 19. Ne1 Rhd8 20. f3 Bg6 21. e4 Nd4+ 22. Bxd4 exd4 23. b5 f5 24. exf5 Bxf5 25. Rac1 Bxa3 26. Ra1 Bc5 27. Rxa7 Be6 28. Ra8+ Kb7 29. Rxd8 Rxd8 30. Nc2 Re8 31. Kd2 Ra8 32. Re1 Bf7 33. Ncb4 Bxb4+ 34. Nxb4 Bxc4 35. Re7 g6 36. Na6 Rc8 37. Rxh7 Bxb5 38. Nb4 Re8 39. Nd5 Re2+ 40. Kd1 Kb8 41. Rh8+ Re8 42. Rxe8+ Bxe8 43. h4 Kc8 44. g4 Bf7 45. Nf4 Kd7 46. Kd2 c5 47. Kd3 Ke7 48. h5 gxh5 49. gxh5 Kf6 50. h6 b5 0-1

[Event "IECG CP.1998.P.00067"]
[Site "IECG email"]
[Date "1998.10.01"]
[Round "?"]
[White "Blake, Michael J"]
[Black "Robertson, George"]
[Result "1-0"]
[WhiteElo "1611"]
[BlackElo "800"]
[PlyCount "127"]
[EventDate "1998.10.01"]
[EventType "tourn (corr)"]
[EventRounds "6"]
[EventCountry "GER"]
[SourceTitle "Corr 2008"]
[Source "ChessBase"]
[SourceDate "2008.06.24"]
[SourceVersion "1"]
[SourceVersionDate "2008.06.24"]
[SourceQuality "1"]

1. e4 e5 2. Nf3 Nf6 3. d4 Nxe4 4. Bd3 d5 5. Nxe5 Nd7 6. Nxd7 Bxd7 7. 0-0 Qh4 8. c4 0-0-0 9. c5 g5 10. Nc3 Bg7 11. Ne2 Rhe8 12. f3 Nf6 13. Bd2 Bh8 14. Qe1 Qxe1 15. Raxe1 h6 16. b4 Re6 17. b5 Kb8 18. a4 Rde8 19. a5 Bc8 20. c6 bxc6 21. bxc6 a6 22. Rb1+ Ka8 23. Nc3 Rxc6 24. Rb4 Bb7 25. Rfb1 Rb8 26. Na4 Nd7 27. Bf5 Nf8 28. Be3 Ne6 29. Bxe6 fxe6 30. Nc5 Rxc5 31. dxc5 c6 32. Bd4 e5 33. Bf2 Bf6 34. R4b3 h5 35. Kf1 Ka7 36. Ke2 h4 37. Kd3 Bd8 38. Be3 Ka8 39. Rb4 Bxa5 40. Rg4 Rf8 41. Rxg5 Bc7 42. Rg7 Bc8 43. Ke2 Bf5 44. Rb4 Bd8 45. Bg5 Bxg5 46. Rxg5 e4 47. Rb6 exf3+ 48. gxf3 Bd7 49. Rg7 Rd8 50. Kd3 Bf5+ 51. Kd4 Bd7 52. Ke5 Bc8 53. Rxc6 h3 54. Rd6 Rf8 55. Kxd5 a5 56. Rb6 a4 57. Rb4 a3 58. Ra4+ Kb8 59. c6 Rf5+ 60. Kd6 Rf6+ 61. Kc5 Rxf3 62. Rb4+ Ka8 63. Kb6 Rf6 64. Ra4+ 1-0